000
00233 a2200097 4500
001
12242
100
_a
Jane's
245
_a
Jane's: Radar and Electronic Warfare Systems 2005-2006
260
_a
_b
Jane's Group
_c
090
_c
9472
_d
9472
942
_a
NUST-CAE
_c
M
_c
36347
999
_c
247315
_d
247315